00785nam a2200217 i 4500001000300000100001800003245009900021260007900120300008700199504001400286650001300300650001800313655003000331700002200361020001500383040000800398041000800406080001400414008004100428856009800469bg1 aKŁYSZ, Piotr10aOblicze naszej planety - geologia i geomorfologia w zarysie /cPiotr Kłysz, Janusz Skoczylas. aPoznań :bWydawnictwo Naukowe Uniwersytetu im. Adama Mickiewicza,c2003. a272 s., [4] s. tabl., [1] k. tabl. złoż. :bfot., rys. (w tym kolor.) ;c24 cm. aBibliogr. 9aGeologia 9aGeomorfologia aPodręczniki akademickie1 aSKOCZYLAS, Janusz a8323212295 cBPK0 apol a55(075.8) s pl f |000 0 pol  uhttp://koha.tu.koszalin.pl/cgi-bin/koha/opac-detail.pl?biblionumber=51970yKatalog online BPK